Largest Cities in Asia Beginning With 'W' - Statistics

General Stats
  • This quiz has been taken 67 times
  • The average score is 6 of 25
Answer Stats
# Population Country Answer % Correct
1 12,200,000 China Wuhan
98%
2 5,100,000 China Wenzhou
78%
3 3,956,985 China Wuxi
69%
7 1,160,000 China Wanzhou
50%
4 3,175,000 China Weifang
48%
10 665,910 China Wuzhou
43%
8 1,080,000 India Warangal
41%
5 1,790,000 China Wuhu
39%
6 1,470,000 China Weihai
24%
22 356,729 Japan Wakayama
19%
25 328,467 North Korea Wonsan
19%
17 417,265 China Wuwei (Anhui)
13%
13 467,726 China Wuwei (Gansu)
13%
23 352,429 South Korea Wonju
11%
9 920,913 China Wenling
9%
11 530,877 China Wuhai
7%
12 508,065 China Weinan
6%
15 453,442 China Wu'an
6%
14 454,388 China Wafangdian
4%
19 400,677 China Wuzhong
4%
18 400,733 Pakistan Wah Cantonment
2%
16 424,760 China Wenshan
2%
20 388,714 China Wuchuan
2%
21 379,040 China Wuxue
2%
24 341,862 China Wenchang
0%
No matching quizzes found
Score Distribution
Percent of People with Each Score
Percentile by Number Answered
Your Score History
You have not taken this quiz